| Tag |
First Indicator |
Second Indicator |
Subfields |
| LEADER |
00000cam a2200000 a 4500 |
| 001 |
in00002374530 |
| 005 |
20151109043941.0 |
| 008 |
990507s2000 ilu b s001 0 eng |
| 010 |
|
|
|a 99006489
|
| 020 |
|
|
|a 0252025075 (acid-free paper)
|
| 020 |
|
|
|a 9780252025075 (acid-free paper)
|
| 029 |
1 |
|
|a NLGGC
|b 195913809
|
| 029 |
1 |
|
|a YDXCP
|b 1576351
|
| 029 |
1 |
|
|a NZ1
|b 5134705
|
| 029 |
1 |
|
|a AU@
|b 000020099504
|
| 035 |
|
|
|a (OCoLC)ocm41400658
|
| 035 |
|
|
|a (OCoLC)41400658
|
| 040 |
|
|
|a DLC
|c DLC
|d NLGGC
|d BAKER
|d BTCTA
|d YDXCP
|d UtOrBLW
|
| 043 |
|
|
|a e-uk-en
|
| 049 |
|
|
|a TXAM
|
| 050 |
0 |
0 |
|a PR275.B5
|b M67 2000
|
| 082 |
0 |
0 |
|a 220/.0942/0902
|2 21
|
| 084 |
|
|
|a 11.32
|2 bcl
|
| 084 |
|
|
|a 18.05
|2 bcl
|
| 100 |
1 |
|
|a Morey, James H.,
|d 1961-
|
| 245 |
1 |
0 |
|a Book and verse :
|b a guide to Middle English biblical literature /
|c James H. Morey.
|
| 264 |
|
1 |
|a Urbana :
|b University of Illinois Press,
|c [2000]
|
| 264 |
|
4 |
|c ©2000
|
| 300 |
|
|
|a xviii, 428 pages ;
|c 24 cm.
|
| 336 |
|
|
|a text
|b txt
|2 rdacontent
|
| 337 |
|
|
|a unmediated
|b n
|2 rdamedia
|
| 338 |
|
|
|a volume
|b nc
|2 rdacarrier
|
| 490 |
1 |
|
|a Illinois medieval studies
|
| 504 |
|
|
|a Includes bibliographical references (pages [355]-381) and indexes.
|
| 505 |
0 |
|
|a Acknowledgments -- Abbreviations -- Introduction -- The medieval idea of the Bible -- The official reception of biblical literature -- The place of English in post-Conquest England -- Genre, audience, and self-representation -- Conclusion.
|
| 650 |
|
0 |
|a English literature
|y Middle English, 1100-1500
|x History and criticism.
|
| 630 |
0 |
0 |
|a Bible
|x Criticism, interpretation, etc.
|x History
|y Middle Ages, 600-1500.
|
| 650 |
|
0 |
|a Christian literature, English (Middle)
|x History and criticism.
|
| 650 |
|
0 |
|a Christianity and literature
|z England
|x History
|y To 1500.
|
| 630 |
0 |
0 |
|a Bible
|x In literature.
|
| 650 |
|
0 |
|a Literary form
|x History
|y To 1500.
|
| 650 |
1 |
7 |
|a Bijbel.
|2 gtt
|
| 650 |
1 |
7 |
|a Handschriften.
|2 gtt
|
| 650 |
1 |
7 |
|a Middelengels.
|2 gtt
|
| 650 |
1 |
7 |
|a Letterkunde.
|2 gtt
|
| 830 |
|
0 |
|a Illinois medieval studies.
|
| 938 |
|
|
|a Baker & Taylor
|b BKTY
|c 34.95
|d 34.95
|i 0252025075
|n 0003324031
|s active
|
| 938 |
|
|
|a Baker and Taylor
|b BTCP
|n 99006489
|
| 938 |
|
|
|a YBP Library Services
|b YANK
|n 1576351
|
| 948 |
|
|
|a cataloged
|b h
|c 2008/5/8
|d c
|e ceaton
|f 12:52:10 pm
|
| 994 |
|
|
|a C0
|b TXA
|
| 999 |
|
|
|a MARS
|
| 999 |
f |
f |
|s a5257c4e-b14e-3c13-bd4f-8d47c4773616
|i 8bd11828-209e-3ca1-bf10-f414ad68048d
|t 0
|
| 952 |
f |
f |
|p normal
|a Texas A&M University
|b College Station
|c Sterling C. Evans Library
|d Evans: Library Stacks
|t 0
|e PR275.B5 M67 2000
|h Library of Congress classification
|i unmediated -- volume
|m A14837160294
|
| 998 |
f |
f |
|a PR275.B5 M67 2000
|t 0
|l Evans: Library Stacks
|